El miedo a la libertad (Registro nro. 1264)
[ vista simple ]
| 000 -CABECERA | |
|---|---|
| Longitud fija campo de control | 00885nam a2200277Ia 4500 |
| 005 - • FECHA Y HORA DE LA ÚLTIMA TRANSACCIÓN | |
| Fecha y hora de la última transacción | 20220316235531.0 |
| 008 - • CÓDIGOS DE INFORMACIÓN DE LONGITUD FIJA | |
| Códigos de información de longitud fija | 121119s2000 sp gr 000 0 spa |
| 020 ## - • NÚMERO INTERNACIONAL NORMALIZADO PARA LIBROS | |
| Número Internacional Normalizado para Libros (ISBN) | 8449308534 |
| 041 1# - • CÓDIGO DE LENGUA | |
| Código de lengua del texto/banda sonora o título independiente | spa |
| 082 04 - • NÚMERO DE LA CLASIFICACIÓN DECIMAL DEWEY | |
| Número de clasificación (R) | 123.5 |
| Número del ítem | F76M |
| 040 ## - FUENTE DE LA CATALOGACIÓN | |
| Centro catalogador de origen | CO-BoRNBP |
| Lengua de catalogación | spa |
| Normas de descripción | rda |
| Centro transcriptor | CO-BoRNBP |
| 100 1# - • PUNTO DE ACCESO PRINCIPAL-NOMBRE DE PERSONA | |
| Nombre de persona | Fromm, Erich |
| Fechas asociadas al nombre | 1900-1980 |
| 245 13 - • TITULO PROPIAMENTE DICHO | |
| Título | El miedo a la libertad |
| Mención de responsabilidad, etc. | Erich Fromm ; prefacio a la edición castellana y traducción de Gino Germani |
| 250 ## - • MENCIÓN DE EDICIÓN | |
| Mención de edición | Primera edición |
| 264 ## - PRODUCCIÓN, PUBLICACIÓN , DISTRIBUCIÓN, FABRICACIÓN Y COPYRIGHT | |
| Lugar de producción, publicación, distribución, fabricación | Barcelona |
| Nombre del productor, editor, distribuidor, fabricante | Paidós |
| Fecha de de producción, publicación, distribución, fabricación o copyright | 2000 |
| 300 ## - • DESCRIPCIÓN FÍSICA | |
| Extensión | 287 páginas |
| Dimensiones | 19 cm |
| 336 ## - TIPO DE CONTENIDO | |
| Término de tipo de contenido | texto |
| Código de tipo de contenido | txt |
| Fuente | rdacontent |
| 337 ## - TIPO DE MEDIO | |
| Nombre del tipo de medio | sin mediación |
| Código del tipo de medio | n |
| Fuente | rdamedia |
| 338 ## - TIPO DE SOPORTE | |
| Nombre del tipo de soporte | volumen |
| Código del tipo de soporte | nc |
| Fuente | rdacarrier |
| 490 0# - • MENCIÓN DE SERIE | |
| Mención de serie | Biblioteca Erich Fromm |
| 650 14 - • PUNTO DE ACCESO ADICIONAL DE MATERIA - TÉRMINO DE MATERIA | |
| Término de materia o nombre geográfico como elemento inicial | Antropología filosófica |
| Fuente del encabezamiento o término | LEMB |
| 650 14 - • PUNTO DE ACCESO ADICIONAL DE MATERIA - TÉRMINO DE MATERIA | |
| Término de materia o nombre geográfico como elemento inicial | Derechos civiles |
| Fuente del encabezamiento o término | LEMB |
| 650 14 - • PUNTO DE ACCESO ADICIONAL DE MATERIA - TÉRMINO DE MATERIA | |
| Término de materia o nombre geográfico como elemento inicial | Totalitarismo |
| Fuente del encabezamiento o término | LEMB |
| 700 1# - • PUNTO DE ACCESO ADICIONAL - NOMBRE DE PERSONA | |
| Nombre de persona | Germani, Gino |
| Término indicativo de función | traductor |
| 942 ## - ENTRADA DE ELEMENTOS AGREGADOS (KOHA) | |
| Fuente de clasificaión o esquema | Dewey Decimal Classification |
| Koha [por defecto] tipo de item | LIbro |
| Perdido | Fuente de clasificación o esquema | Estado Físico | No para préstamo | Forma de adquisición | Localización permanente | Localización actual | Localización en estanterías | Fecha adquisición | Préstamos totales | Signatura completa | Código de barras | Fecha última consulta | Número de copia | Fecha del precio de reemplazo | Tipo de item de Koha | Número de registro |
|---|---|---|---|---|---|---|---|---|---|---|---|---|---|---|---|---|
| Dewey Decimal Classification | Colección General | Biblioteca Pública Cubarral | Biblioteca Pública Cubarral | General | 08/03/2023 | 123.5 F76m | CUB02061 | 08/03/2023 | Ej.1 | 08/03/2023 | LIbro | |||||
| Dewey Decimal Classification | Colección General | Biblioteca Pública Fuentedeoro - Henry Llanos García | Biblioteca Pública Fuentedeoro - Henry Llanos García | General | 04/20/2023 | 123.5 F76M | Fo000059 | 04/20/2023 | Ej.1 | 04/20/2023 | LIbro | |||||
| Dewey Decimal Classification | Colección General | Biblioteca Pública Lejanias | Biblioteca Pública Lejanias | General | 06/02/2023 | 123.5 F76m | LEJ00078 | 06/02/2023 | Ej.1 | 06/02/2023 | LIbro | |||||
| Dewey Decimal Classification | Colección General | Biblioteca Pública Puerto López - Jorge Eliecer Gaitán | Biblioteca Pública Puerto López - Jorge Eliecer Gaitán | General | 04/01/2025 | 123.5 F76M | PLZ00098 | 04/01/2025 | Ej.1 | 04/01/2025 | LIbro | |||||
| Dewey Decimal Classification | Colección General | Biblioteca Pública San Carlos de Guaroa - Eduardo Carranza | Biblioteca Pública San Carlos de Guaroa - Eduardo Carranza | General | 03/03/2025 | 123.5 F76M | SG02521 | 03/03/2025 | Ej.1 | 03/03/2025 | LIbro | |||||
| Dewey Decimal Classification | Biblioteca Pública Acacias - Carlos María Hernández Rojas | Biblioteca Pública Acacias - Carlos María Hernández Rojas | General | 05/09/2023 | 123.5 F76m | ACA01507 | 05/09/2023 | Ej.1 | 05/09/2023 | LIbro | ||||||
| Dewey Decimal Classification | Colección General | Biblioteca Pública Barranca de Upia - María Dolores Herrera | Biblioteca Pública Barranca de Upia - María Dolores Herrera | General | 10/11/2023 | 123.5 F76m | BUP01062 | 10/11/2023 | Ej.1 | 10/11/2023 | LIbro | |||||
| Dewey Decimal Classification | Colección General | Biblioteca Pública Cabuyaro | Biblioteca Pública Cabuyaro | General | 07/24/2025 | 123.5 F76M | CAB001210 | 07/24/2025 | Ej.1 | 07/24/2025 | LIbro | |||||
| Dewey Decimal Classification | Colección General | Biblioteca Pública Guamal | Biblioteca Pública Guamal | General | 03/07/2023 | 123.5 F76m | GUA001999 | 03/07/2023 | Ej.1 | 03/07/2023 | LIbro | |||||
| Dewey Decimal Classification | Colección General | Biblioteca Pública Mapiripan | Biblioteca Pública Mapiripan | General | 03/17/2023 | 123.5 | MAP000092 | 03/17/2023 | Ej.1 | 03/17/2023 | LIbro | |||||
| Clasificación Local Facetada | Colección General | Biblioteca Pública Puerto Concordia | Biblioteca Pública Puerto Concordia | General | 01/27/2026 | 123.5 F76M | PCON00402 | 01/27/2026 | Ej.1 | 01/27/2026 | LIbro | |||||
| Dewey Decimal Classification | Colección General | Biblioteca Pública San Juan de Arama - Concepción de Arama | Biblioteca Pública San Juan de Arama - Concepción de Arama | General | 06/07/2023 | 1235F76m | SJA00213 | 06/07/2023 | Ej.1 | 06/07/2023 | LIbro | |||||
| Dewey Decimal Classification | Colección General | Biblioteca Pública San Juan de Arama - Concepción de Arama | Biblioteca Pública San Juan de Arama - Concepción de Arama | General | 06/07/2023 | 123.5 F76m | SJA00214 | 06/07/2023 | Ej.1 | 06/07/2023 | LIbro | |||||
| Dewey Decimal Classification | Biblioteca Pública Vistahermosa | Biblioteca Pública Vistahermosa | 08/15/2025 | 123.5 F76M | VIST 0002682 | 08/15/2025 | Ej.1 | 08/15/2025 | LIbro | 123.5 |